Joan Vinyoli [Enregistrament sonor] / Joan Vinyoli
ISBN:
84-931497-1-3
Descripción Física:
1 disc òptic (CD) ca. 38 min + llibret [43] p. : il. ; 14 x 15 cm ; dins 1 contenidor
Colección:
Poesia / Zanfonia
MARC
| LEADER | 00000nam a2200000Ia 4500 | ||
|---|---|---|---|
| 001 | 14409 | ||
| 008 | 160829s2000 xx 000 0 cat d | ||
| 020 | |a 84-931497-1-3 | ||
| 080 | |a CD-1-40 | ||
| 100 | 1 | |a Vinyoli, Joan, |d 1914-1984 |9 27904 | |
| 245 | |a Joan Vinyoli [Enregistrament sonor] / Joan Vinyoli | ||
| 260 | |a Barcelona : |b Zanfonia, |c 2000 | ||
| 300 | |a 1 disc òptic (CD) ca. 38 min + llibret [43] p. : |b il. ; |c 14 x 15 cm ; |c dins 1 contenidor | ||
| 490 | |a Poesia / Zanfonia | ||
| 590 | |a Breu introducció biogràfica per Feliu Formosa. Lectura: Feliu Formosa, Pep Muntanyés. Direcció d'intèrprets: Feliu Formosa. Sel·lecció de poemes: Feliu Formosa. Música: 'Vinyoli a cau d'orella' original de Joan Alavedra, interpretada per Joan Alavedra | ||
| 650 | |a Recitacions |9 34953 | ||
| 650 | |a Monòlegs amb música (Conjunt instrumental) |9 34954 | ||
| 700 | |a Formosa, Feliu, |d 1934- |9 34955 | ||
| 700 | |a Muntanyés, Pep |9 34956 | ||
| 700 | |a Alavedra, Joan |9 34957 | ||
| 901 | |a Arxiu | ||
| 942 | |n 1 | ||
| 952 | |0 0 |1 0 |4 0 |6 CD140 |7 1 |9 46707 |a Arxiu |b Arxiu |d 2016-12-01 |l 0 |o CD-1-40 |p 14409 |r 2016-12-01 00:00:00 |w 2016-12-01 |y ARXIU | ||
| 999 | |c 50500 |d 50500 | ||